El que tenga valor que me siga (Record no. 187646)

MARC details
000 -LEADER
campo de control de longitud fija 00949nam a2200253 i 4500
001 - NÚMERO DE CONTROL
campo de control 187646
003 - IDENTIFICADOR DE NÚMERO DE CONTROL
campo de control ES-MaACL
005 - FECHA Y HORA DE LA ÚLTIMA TRANSACCIÓN
campo de control 20250807124651.0
008 - DATOS DE LONGITUD FIJA--INFORMACIÓN GENERAL
campo de control de longitud fija 171214s2016 sp |||| |bspa d
020 ## - NÚMERO INTERNACIONAL ESTÁNDAR DEL LIBRO
Número Internacional Estándar del Libro 978-84-9060-604-9
080 ## - NÚMERO DE LA CLASIFICACIÓN DECIMAL UNIVERSAL
Número de la Clasificación Decimal Universal 821.134.2-31"19"
100 1# - ENTRADA PRINCIPAL--NOMBRE DE PERSONA
Nombre de persona Garrigues López-Chicheri, Eduardo.
9 (RLIN) 55771
245 10 - MENCIÓN DEL TÍTULO
Título El que tenga valor que me siga
Resto del título : en vida de Bernardo de Gálvez /
Mención de responsabilidad, etc. Eduardo Garrigues.
250 ## - MENCION DE EDICION
Mención de edición 1ª ed.
260 ## - PUBLICACIÓN, DISTRIBUCIÓN, ETC.
Lugar de publicación, distribución, etc. Madrid :
Nombre del editor, distribuidor, etc. La Esfera de los Libros,
Fecha de publicación, distribución, etc. 2016.
300 ## - DESCRIPCIÓN FÍSICA
Extensión 329 p. ;
Dimensiones 25 cm.
490 1# - MENCIÓN DE SERIE
Mención de serie Novela histórica
600 17 - PUNTO DE ACCESO ADICIONAL DE MATERIA--NOMBRE DE PERSONA
Nombre de persona Gálvez, Bernardo de,
Títulos y otros términos asociados al nombre Conde de,
Fechas asociadas al nombre 1746-1786
Fuente del encabezamiento o término
9 (RLIN) 164803
830 0# - PUNTO DE ACCESO ADICIONAL DE SERIE-TÍTULO UNIFORME
Título uniforme Novelas históricas
9 (RLIN) 183759
852 ## - LOCALIZACIÓN
Ubicación ES-MaACL
Número de control de estantería A-14144
itemnumber 194733
Sublocalización o colección R.151407
Ubicación en estantería Depósito 1
Signatura antigua Olim: N-7144
Anotaciones manuscritas Dedicatoria autógrafa del autor
Donativo/Legado Donación: Eduardo Garrigues
903 ## - NOMBRE PERSONAL DE DONANTE
9 55771
a Garrigues López-Chicheri, Eduardo
e Donante
942 ## - ELEMENTOS DE ENTRADA SECUNDARIOS (KOHA)
Fuente del sistema de clasificación o colocación Clasificación decimal universal
Tipo de ítem Koha Libro impreso
Holdings
Estatus retirado Estado de pérdida Fuente del sistema de clasificación o colocación Estado de daño No para préstamo Colección Biblioteca de origen Biblioteca actual Ubicación en estantería Fecha de adquisición Fuente de adquisición Total de préstamos Signatura topográfica completa Código de barras Visto por última vez Precio de reemplazo Tipo de ítem Koha Nota pública
    Clasificación decimal universal     Libros con dedicatorias Biblioteca del Ateneo de Madrid Biblioteca del Ateneo de Madrid Depósito 1 14/12/2017 Donación   A-14144 1198198 23/02/2023 23/02/2023 Libro impreso Dedicatoria autógrafa del autor